|
|
|
|
| LEADER |
01740nam a2200373 i 4500 |
| 001 |
38379 |
| 003 |
BD-DhAAL |
| 005 |
20220412142255.0 |
| 008 |
220412t2016 cau b 001 0 eng |
| 999 |
|
|
|c 43933
|d 43933
|
| 010 |
|
|
|a 2015041358
|
| 020 |
|
|
|a 9789351508540 (hardback)
|
| 020 |
|
|
|z 9789351508533 (epub)
|
| 020 |
|
|
|z 9789351508557 (ebook)
|
| 040 |
|
|
|a DLC
|b eng
|c DLC
|e rda
|d DLC
|d BD-DhAAL
|
| 042 |
|
|
|a pcc
|
| 043 |
|
|
|a as-----
|
| 050 |
0 |
0 |
|a JV8752
|b .G56 2016
|
| 082 |
0 |
0 |
|a 305.906910954
|2 23
|
| 100 |
1 |
|
|a Ghosh, Partha S.
|q (Partha Sarathy),
|d 1947-
|e author.
|9 47977
|
| 245 |
1 |
0 |
|a Migrants, refugees and the stateless in South Asia /
|c Partha S. Ghosh.
|
| 260 |
|
|
|a Thousand Oaks, California :
|b SAGE Publications Inc.,
|c 2016
|
| 300 |
|
|
|a xlviii, 356 pages ;
|c 23 cm.
|
| 504 |
|
|
|a Includes bibliographical references and index.
|
| 526 |
|
|
|a SOL (Funded by UNHCR)
|
| 541 |
|
|
|a Book Finder
|e 38379
|
| 650 |
|
0 |
|a South Asia
|x Emigration and immigration
|x Social aspects.
|9 47978
|
| 650 |
|
0 |
|a Statelessness
|x Social aspects
|z South Asia.
|9 47979
|
| 650 |
|
0 |
|a Stateless persons
|z South Asia.
|9 47980
|
| 650 |
|
0 |
|a Refugees
|z South Asia.
|9 47981
|
| 852 |
|
|
|a Ayesha Abed Library
|c General Stacks
|
| 942 |
|
|
|2 ddc
|c BK
|
| 952 |
|
|
|0 0
|1 0
|2 ddc
|4 0
|6 305_906910954000000_GHO
|7 0
|9 70473
|a BRACUL
|b BRACUL
|c GEN
|d 2022-04-10
|e Book Finder International
|g 1155.21
|l 4
|m 22
|o 305.906910954 GHO
|p 3010038379
|r 2025-06-26
|s 2025-04-21
|t 1
|v 1155.21
|w 2022-04-10
|y BK
|x SoL books funded by the UNHCR project
|
| 952 |
|
|
|0 0
|1 0
|2 ddc
|4 0
|6 305_906910954000000_GHO
|7 0
|9 70474
|a BRACUL
|b BRACUL
|c GEN
|d 2022-04-10
|e Book Finder International
|g 1155.21
|l 2
|o 305.906910954 GHO
|p 3010038380
|r 2025-01-19
|s 2025-01-12
|t 2
|v 1155.21
|w 2022-04-10
|y BK
|x SoL books funded by the UNHCR project
|